[Event "Paris-ch op-A"]
[Site "Paris"]
[Date "2010.07.08"]
[Round "6"]
[White "Mostefai, Malik"]
[Black "Dacalor, Aurelie"]
[Result "0-1"]
[WhiteElo "1835"]
[BlackElo "1986"]
[PlyCount "74"]
[EventDate "2010.07.03"]
[EventType "swiss"]
[EventRounds "9"]
[EventCountry "FRA"]
[SourceTitle "CBM 137 Extra"]
[Source "ChessBase"]
[SourceDate "2010.09.01"]
[SourceVersion "1"]
[SourceVersionDate "2010.09.01"]
[SourceQuality "1"]

1. d4 Nf6 2. c4 d6 3. Nc3 g6 4. e4 Bg7 5. Be2 0-0 6. Nf3 Nbd7 7. 0-0 e5 8. d5 Nc5 9. Qc2 a5 10. Ne1 Nfd7 11. g4 f5 12. exf5 gxf5 13. gxf5 Nb6 14. f3 Bxf5 15. Ne4 Qh4 16. Ng2 Bxe4 17. fxe4 Rxf1+ 18. Bxf1 Qxe4 19. Qxe4 Nxe4 20. Be3 Nd7 21. Nh4 Rf8 22. Bh3 Ndc5 23. Kg2 Bf6 24. Nf5 Bg5 25. Bg1 Nd3 26. Kf3 Nd2+ 27. Ke2 Nxb2 28. Ne7+ Bxe7 29. Be6+ Kg7 30. Kxd2 Nxc4+ 31. Kd3 Nb2+ 32. Ke2 Na4 33. Rb1 b6 34. Rb3 Rf6 35. Rg3+ Rg6 36. Be3 Bh4 37. Rxg6+ hxg6 0-1

[Event "Bois Colombes op 2nd"]
[Site "Bois Colombes"]
[Date "2005.12.26"]
[Round "6"]
[White "Mostefai, Malik"]
[Black "Gnininvi, Ephrem"]
[Result "0-1"]
[WhiteElo "1876"]
[BlackElo "2052"]
[PlyCount "36"]
[EventDate "2005.12.21"]
[EventType "swiss"]
[EventRounds "6"]
[EventCountry "FRA"]
[SourceTitle "EXT 2007"]
[Source "ChessBase"]
[SourceDate "2006.11.23"]
[SourceVersion "1"]
[SourceVersionDate "2006.11.23"]
[SourceQuality "1"]

1. d4 Nf6 2. c4 c5 3. d5 b5 4. cxb5 a6 5. Nc3 g6 6. e4 d6 7. b6 Qxb6 8. Nf3 Bg7 9. Bc4 Qb4 10. Qe2 Nbd7 11. h3 Nxe4 12. Qxe4 Bxc3+ 13. Kf1 Bg7 14. Bg5 0-0 15. Qd3 Nb6 16. Nd2 Bxb2 17. Rb1 Bf5 18. Qb3 Bxb1 0-1

[Event "Bois Colombes op 2nd"]
[Site "Bois Colombes"]
[Date "2005.12.25"]
[Round "5"]
[White "Picard, Clement"]
[Black "Mostefai, Malik"]
[Result "1-0"]
[WhiteElo "2167"]
[BlackElo "1876"]
[PlyCount "83"]
[EventDate "2005.12.21"]
[EventType "swiss"]
[EventRounds "6"]
[EventCountry "FRA"]
[SourceTitle "EXT 2007"]
[Source "ChessBase"]
[SourceDate "2006.11.23"]
[SourceVersion "1"]
[SourceVersionDate "2006.11.23"]
[SourceQuality "1"]

1. e4 c6 2. d4 d5 3. Nc3 dxe4 4. Nxe4 Bf5 5. Ng3 Bg6 6. Nf3 e6 7. h4 h6 8. h5 Bh7 9. Bd3 Bxd3 10. Qxd3 Nd7 11. Bd2 Qc7 12. 0-0-0 Ngf6 13. Ne4 Nxe4 14. Qxe4 Nf6 15. Qe2 0-0-0 16. g3 Rg8 17. c4 c5 18. Bc3 Bd6 19. dxc5 Bxc5 20. Ne5 a5 21. a3 Qe7 22. Bxa5 Rxd1+ 23. Rxd1 Bxa3 24. Bb6 Bc5 25. Bxc5 Qxc5 26. Nxf7 e5 27. Nxe5 Qa5 28. f4 Qa1+ 29. Kc2 Qa4+ 30. Kb1 Qb3 31. Rd3 Qb6 32. c5 Qe6 33. c6 bxc6 34. Rc3 Qf5+ 35. Kc1 Qxh5 36. Rxc6+ Kd8 37. Qd3+ Ke7 38. Qa3+ Ke8 39. Qa8+ Ke7 40. Qb7+ Kf8 41. Rc8+ Ne8 42. Qb4# 1-0